ARLA members survey of the private rented sector (Record no. 109454)

MARC details
000 -LEADER
fixed length control field 01412cad a22002415a 4500
001 - CONTROL NUMBER
control field L147143
008 - FIXED-LENGTH DATA ELEMENTS--GENERAL INFORMATION
fixed length control field 090407s2009 xxkd f s 000 0 eng d
035 ## - SYSTEM CONTROL NUMBER
System control number (Sirsi) u147143
041 0# - LANGUAGE CODE
Language code of text/sound track or separate title eng
050 04 - LIBRARY OF CONGRESS CALL NUMBER
Classification number 346.4104342 $2 18
110 2# - MAIN ENTRY--CORPORATE NAME
Corporate name or jurisdiction name as entry element Association of Residential Letting Agents
9 (RLIN) 3020
245 00 - TITLE STATEMENT
Title ARLA members survey of the private rented sector
Remainder of title first quarter 2009
Medium [electronic resource]
260 ## - PUBLICATION, DISTRIBUTION, ETC.
Place of publication, distribution, etc. Warwick
Name of publisher, distributor, etc. ARLA
Date of publication, distribution, etc. 2008
490 #0 - SERIES STATEMENT
Series statement ARLA Members Survey Report
Volume/sequential designation First Quarter 2009
520 ## - SUMMARY, ETC.
Summary, etc. Reports that rental returns for houses have fallen slightly from 4.9% to 4.8% since the last quarter of 2008, whilst flats remain unchanged at 4.9%. Finds that the average capital asset value of rented houses has increased by 3.7% from the last quarter due to increases of 6.5% for Prime Central London and 2.6% for the rest of the South East. However values for the rest of the UK fell by 1.5%. Concludes that the supply of rented properties is outstripping the availability of tenants.
521 ## - TARGET AUDIENCE NOTE
Target audience note Advanced
590 ## - LOCAL NOTE (RLIN)
Local note KA NTK
650 24 - SUBJECT ADDED ENTRY--TOPICAL TERM
Topical term or geographic name entry element ARLA MEMBERS SURVEY OF THE PRIVATE RENTED SECTOR
651 #4 - SUBJECT ADDED ENTRY--GEOGRAPHIC NAME
Geographic name United Kingdom
Chronological subdivision
690 ## - LOCAL SUBJECT ADDED ENTRY--TOPICAL TERM (OCLC, RLIN)
Topical term or geographic name as entry element PROPERTY-RESIDENTIAL PROPERTY-RESIDENTIAL PROPERTY MARKET
856 40 - ELECTRONIC LOCATION AND ACCESS
Uniform Resource Identifier <a href="https://www.arla.co.uk/information/private-rented-survey/2009/arla-members-survey-private-rented-sector-2009-q1.pdf">https://www.arla.co.uk/information/private-rented-survey/2009/arla-members-survey-private-rented-sector-2009-q1.pdf</a>
Public note View the item free of charge at www.arla.co.uk...
942 ## - ADDED ENTRY ELEMENTS (KOHA)
Suppress in OPAC 0
Holdings
Withdrawn status Lost status Source of classification or shelving scheme Damaged status Not for loan Home library Current library Shelving location Date acquired Total Checkouts Full call number Barcode Date last seen Copy number Price effective from Koha item type
    Dewey Decimal Classification     Virtual Virtual Online 07/04/2009   ONLINE PUBLICATION 147143-2001 06/08/2019 1 06/08/2019 Book